Use your head

Bibliographic Details
Main Author: Buzan, Tony
Format: Book
Published: London : BBC Books , 1990
Subjects:

MARC

LEADER 00000cam a2200000 7i4500
001 0000009109
002 000009921
005 20000330.0
020 |a 0563208112 
090 0 0 |a 153.42   |b BUZ 
100 1 |a Buzan, Tony 
245 1 0 |a Use your head   |c Tony Buzan 
260 |a London :   |b BBC Books ,   |c 1990 
300 |a 154p. ;   |c 18cm. 
650 0 0 |a Thought and thinking 
999 |a 021520   |b BUKU   |c PINJAMAN   |e PERPUSTAKAAN KOMUNITI PETALING JAYA 
999 |a 021620   |b BUKU   |c PINJAMAN   |e PERPUSTAKAAN KOMUNITI PETALING JAYA 
999 |a 027759   |b BUKU   |c PINJAMAN   |e PERPUSTAKAAN KOMUNITI PETALING JAYA